000 00490nam a2200181Ia 4500
005 20250326141410.0
008 250326s9999 xx 000 0 und d
037 _aTextbook
040 _aFMSL
_beng
_cFMSL
041 _aeng
_2eng
084 _qFMSL
100 _aYoder Dale
245 0 _aPersonnal Management and Industries relations
_cYoder Dale
260 _aNew Delhi
_bNew Delhi, Prentice-Hall of India
_c1964
300 _a685p
942 _cTB
999 _c1290122
_d1290122